000 00446nam a2200169Ia 4500
005 20250508154923.0
008 008 250505s9999 xx 000 0 eng d
037 _aBooks to be hide in OPAC
040 _aFEDL
_beng
_cFEDL
041 _aeng
_2eng
084 _a428, RYB/O
_qFEDL
100 _aRyburn W M
_991386
245 0 _aPlay way english : Book II
300 _a24p.
942 _cHB
_h428, RYB/O
999 _c1352827
_d1352827